000 00605cam a2200193 a 4500
001 000004852
005 20200929151523.0
008 850930s1983 nq 001 p spa
040 _aDO-SdBNP
_cDLC
_dDLC
082 _aN861.6
_bR672p
100 1 _aRocha, Luis,
_d1942-
_914073
245 1 0 _aPhocas :
_bversiones/interpretaciones 1962-1982 /
_cLuis Rocha.
260 _aManagua :
_bNueva Nicaragua,
_c1983.
300 _a86 p. ;
_c21 cm.
586 _aPremio Rubén Darío, 1983
650 4 _aPoesía nicaragüense
_98179
650 4 _aLiteratura nicaragüense
_98122
910 _aCatalogación por copia / LC
999 _c4658
_d4658